El niño hiperquinético: los síndromes de disfunción cerebral

Saved in:
Bibliographic Details
Main Author: Velasco Fernández, Rafael (Author)
Format: Book
Language:Spanish
Published: Ciudad de México Trillas 1976
Subjects:
Tags: Add Tag
No Tags, Be the first to tag this record!

MARC

LEADER 00000nam a2200000 a 4500
001 UCY4772
003 CL-VaPUC
008 950328e19760000MX |||||||||||||||||spa|d
082 0 4 |a 155.45  |b VEL  |2 21 
100 0 |a Velasco Fernández, Rafael  |e author  |9 333257 
245 1 3 |a El niño hiperquinético: los síndromes de disfunción cerebral 
300 |a 115 p 
942 |c BK 
945 |d 19950328 00:00:00  |a rbrito 
260 |a Ciudad de México  |b Trillas  |c 1976 
650 0 |a Niños hiperactivos   |9 308689 
583 |a last modification  |c 19950328 00:00:00  |k Rodrigo Vera 
999 |c 232540  |d 232538 
952 |0 0  |1 0  |4 0  |6 155_450000000000000_VEL_1976  |7 0  |8 A  |9 237216  |a BIBEDU  |b BIBEDU  |d 2019-11-15  |i 3069478  |o 155.45 VEL 1976  |p 3069478  |r 2019-11-15  |w 2019-11-15  |y BK  |k EDU 
952 |0 0  |1 0  |4 0  |6 155_450000000000000_VEL_1976  |7 0  |8 A  |9 237217  |a BIBEDU  |b BIBEDU  |d 2019-11-15  |i 3069486  |o 155.45 VEL 1976  |p 3069486  |r 2019-11-15  |w 2019-11-15  |y BK  |k EDU 
952 |0 0  |1 0  |4 0  |6 155_450000000000000_VEL_1976  |7 0  |8 A  |9 237218  |a BIBEDU  |b BIBEDU  |d 2019-11-15  |i 3069494  |o 155.45 VEL 1976  |p 3069494  |r 2019-11-15  |w 2019-11-15  |y BK  |k EDU